000 01483nam a2200445 i 4500
001 2689
003 KOSZ 005
005 20220118113853.0
008 981118s1985 pl a f |000 0 pol
015 _aPB 1985/6881
035 _a(PL-WaBN)b12139750-48omnis_nlop
035 _ab12139750
035 _a(OCoLC)749138578
035 _a(PL)b0000001213975
040 _aWA N
_cWA N
_dKOSZ 005/HR
041 0 _apol
046 _k1985
080 _a621.1.01
080 _a(083)
080 _a(075.8)
100 1 _aChmielarz, Janusz
_eAutor
245 1 0 _aMateriały pomocnicze do teorii maszyn cieplnych :
_b(wykres i, s oraz tablice pary wodnej) /
_cJanusz Chmielarz.
260 _aGdynia :
_bWydaw. Uczelniane WSM [Wyższej Szkoły Morskiej],
_c1985.
300 _a19, [17] s., [4] k. tabl. :
_bwykr. ;
_c21 cm.
336 _2rdacontent
_aTekst
_btxt
337 _2rdamedia
_aBez urządzenia pośredniczącego
_bn
338 _2rdacarrier
_aWolumin
_bnc
380 _aKsiążki
380 _aPublikacje dydaktyczne
385 _mPoziom nauczania
_aSzkoły wyższe
388 _a1901-2000
504 _aBibliogr. s. [36].
650 7 _aMaszyny cieplne
_2DBN
655 7 _aTablice i wzory
_2DBN
655 7 _aMateriały pomocnicze dla szkół wyższych
658 _aInżynieria i technika
856 _uhttp://koha.tu.koszalin.pl/cgi-bin/koha/opac-detail.pl?biblionumber=2689
_yKatalog online BPK
942 _2UKD
_cKS
999 _c2689
_d2689